[Event "Llinars del Valles op-B 8th"]
[Site "Llinars del Valles"]
[Date "2014.05.31"]
[Round "5"]
[White "Valle Gila, Juan"]
[Black "Camps Torras, Alex"]
[Result "1-0"]
[WhiteElo "1700"]
[BlackElo "1734"]
[PlyCount "49"]
[EventDate "2014.04.26"]
[EventType "swiss"]
[EventRounds "8"]
[EventCountry "ESP"]
[SourceTitle "EXT 2015"]
[Source "ChessBase"]
[SourceDate "2014.11.20"]
[SourceVersion "1"]
[SourceVersionDate "2014.11.20"]
[SourceQuality "1"]

1. d4 Nf6 2. Nf3 Nc6 3. c4 e6 4. Nc3 d5 5. cxd5 exd5 6. e3 Bb4 7. a3 Bxc3+ 8. bxc3 0-0 9. Bd3 Be6 10. 0-0 Qd7 11. Qc2 Ne7 12. Ng5 Nf5 13. Nxe6 fxe6 14. a4 Rae8 15. e4 dxe4 16. Bxe4 Nxe4 17. Qxe4 Qd5 18. Qg4 e5 19. Be3 Qa5 20. Rfc1 Nxe3 21. fxe3 exd4 22. Qxd4 Qf5 23. Qc4+ Kh8 24. Rf1 Qg4 25. Qxg4 1-0